| Tag |
First Indicator |
Second Indicator |
Subfields |
| LEADER |
00000cam a2200000 a 4500 |
| 001 |
in00002781874 |
| 006 |
m d |
| 007 |
cr cn||||||||| |
| 008 |
120712s2012 enk ob 001 0 eng d |
| 005 |
20250816210021.5 |
| 010 |
|
|
|z 2012024036
|
| 020 |
|
|
|z 9780230347847
|
| 020 |
|
|
|z 9781137034823 (e-book)
|
| 035 |
|
|
|a (CaPaEBR)ebr10596800
|
| 035 |
|
|
|a (OCoLC)811407153
|
| 040 |
|
|
|a CaPaEBR
|c CaPaEBR
|d UtOrBLW
|
| 050 |
1 |
4 |
|a HN49.R33
|b M434 2012eb
|
| 082 |
0 |
4 |
|a 303.48/4
|2 23
|
| 100 |
1 |
|
|a McLaughlin, Paul,
|d 1974-
|
| 245 |
1 |
0 |
|a Radicalism :
|b a philosophical study /
|c Paul McLaughlin.
|
| 264 |
|
1 |
|a Houndmills, Basingstoke, Hampshire [England] ;
|a New York :
|b Palgrave Macmillan,
|c 2012.
|
| 300 |
|
|
|a 1 online resource (vi, 216 pages)
|
| 336 |
|
|
|a text
|b txt
|2 rdacontent
|
| 337 |
|
|
|a computer
|b c
|2 rdamedia
|
| 338 |
|
|
|a online resource
|b cr
|2 rdacarrier
|
| 504 |
|
|
|a Includes bibliographical references and index.
|
| 505 |
0 |
|
|a The meaning of radicalism -- The history of radicalism -- Radicalism and progress -- Radicalism and humanism.
|
| 500 |
|
|
|a Electronic resource.
|
| 650 |
|
0 |
|a Radicalism.
|
| 655 |
|
7 |
|a Electronic books.
|2 local
|
| 710 |
2 |
|
|a ebrary, Inc.
|
| 856 |
4 |
0 |
|u https://ebookcentral.proquest.com/lib/tamucs/detail.action?docID=1016604
|y Connect to the full text of this electronic book
|t 0
|
| 980 |
|
|
|a 121106
|b 85
|c USD
|e 85
|f YBP_EBR0000046136
|g 1
|
| 999 |
f |
f |
|s d1700c3e-451e-3edc-82b0-b6d405d7317a
|i 2d95e903-5119-31f4-bb12-5bf666b5efe0
|t 0
|
| 999 |
|
|
|a MARS
|
| 952 |
f |
f |
|a Texas A&M University
|b College Station
|c Electronic Resources
|d Available Online
|t 0
|e HN49.R33 M434 2012eb
|h Library of Congress classification
|
| 998 |
f |
f |
|a HN49.R33 M434 2012eb
|t 0
|l Available Online
|